Ed Sheeran Happier Lyrics - Statistics

General Stats
  • This quiz has been taken 1,956 times
  • The average score is 186 of 241
Answer Stats
Hint Answer % Correct
I I
98%
Y you
98%
Y You
98%
A a
97%
H happier
97%
D do
96%
A an
93%
L look
93%
T to
93%
O on
91%
A and
88%
A And
88%
H He
87%
H he
87%
B be
86%
B But
86%
I in
86%
W with
86%
L love
85%
F | T the
85%
Y your
85%
I it
84%
B baby
83%
B Baby
83%
I I'll
83%
K know
83%
T that
83%
D day
82%
L like
81%
M me
81%
O one
81%
T too
81%
M My
80%
M my
80%
S smile
80%
S saw
79%
S Saw
79%
F feel
77%
W was
76%
W walk
75%
F friends
74%
N new
74%
S someone
74%
I If
73%
I if
73%
S said
71%
T told
71%
T truth
70%
A arms
69%
B bar
69%
C 'Cause
69%
D down
69%
H hide
69%
M make
69%
S something
69%
Y you're
69%
H hurt
68%
L laugh
68%
N nobody
68%
W Walking
68%
N not
67%
W will
67%
A Ain't
66%
A ain't
66%
A another's
66%
A as
66%
I inside
66%
W were
65%
B been
64%
F for
64%
Y Yeah
64%
P Park
63%
A apart
62%
O Only
62%
T twice
62%
T then
61%
B both
60%
M month
60%
O ours
60%
T take
60%
U until
60%
W we've
60%
P Promise
59%
S smiles
59%
W wide
59%
O of
58%
P personal
58%
M moving
57%
A am
53%
H here
53%
W waiting
53%
2 29th
52%
H heart
52%
J Just
52%
B breaks
51%
L lovers
51%
S still
51%
D darling
50%
K knew
50%
F fall
49%
N need
49%
Y you'd
49%
C corner
47%
G guess
47%
R room
46%
A Aren't
45%
R reminding
44%
E empty
43%
I I'd
43%
E Everything's
42%
S Sat
42%
M myself
41%
D deserve
40%
T telling
39%
T try
39%
O others
37%
B bottle
36%
C could
36%
T there's
33%
N Nursing
30%
No matching quizzes found
Score Distribution
Percent of People with Each Score
Percentile by Number Answered
Your Score History
You have not taken this quiz